The siege of innocence.

Bibliographic Details
Main Author: MacCown, Eugene
Format: Book
Published: Garden City, N. Y. : Doubleday, 1950.
Edition:<1st ed.>.

MARC

Tag First Indicator Second Indicator Subfields
LEADER 00000cam a2200000 4500
001 in00003481213
005 20151206122648.0
008 910607s 00100 ENG c
010 |a  49049275  
040 |d UtOrBLW 
090 |a PS3525.A1713  |b S5 
100 1 |a MacCown, Eugene. 
245 1 4 |a The siege of innocence. 
250 |a <1st ed.>. 
264 1 |a Garden City, N. Y. :  |b Doubleday,  |c 1950. 
300 |a 279 pages ;  |c 21 cm. 
336 |a text  |b txt  |2 rdacontent 
337 |a unmediated  |b n  |2 rdamedia 
338 |a volume  |b nc  |2 rdacarrier 
999 |a MARS 
999 f f |s 5e5cdbe7-e0d2-359d-aeba-4a1df80f7ffa  |i 3c397a46-22a1-3d12-8802-91a60fdfe010  |t 0 
952 f f |p noncirc  |a Texas A&M University  |b J.J. Pickle Campus  |c High Density Repository  |d Remote Storage  |t 0  |e PS3525.A1713 S5  |h Library of Congress classification  |i unmediated -- volume  |m A14853268509 
952 f f |p ric  |a Texas A&M University  |b Rellis Campus  |c Joint Library Facility  |d Remote Storage  |t 0  |e PS3525.A1713 S5  |h Library of Congress classification  |i unmediated -- volume  |m 32060001984463 
998 f f |a PS3525.A1713 S5  |t 0  |l Remote Storage 
998 f f |a PS3525.A1713 S5  |t 0  |l Remote Storage